000 00412nam a2200169Ia 4500
001 26994
003 IN-NITTTR
005 20251114233338.0
008 251113s9999||||xx |||||||||||||| ||eng||
040 _beng
040 _cIN-NITTTR
041 _aeng
082 _a621.388 H259B
100 _aHartwig, Robert L
245 0 _aBasic TV technology :
_b digital and analog /
_cHartwig, Robert L
942 _2ddc
_cBK
999 _c29622
_d29622